| 000 | 00719nam a22002057a 4500 | ||
|---|---|---|---|
| 005 | 20241104154658.0 | ||
| 010 | _aENG-142490 | ||
| 020 |
_a9789332519053 _c949.00 |
||
| 035 | _aEN-126022 | ||
| 100 |
_aMiller, Irwin _973698 |
||
| 245 |
_aMathematical Statistics with applications/ _cby Irwin Miller [and] Marylees Miller |
||
| 250 | _a8th Edition | ||
| 260 |
_aUtter pradesh (Noida) _bPearson _c2017 |
||
| 270 |
_aA-8(A),sector-62 _bUtter pradesh (Noida) _e201309 |
||
| 300 |
_a472p. _bill _c25 c.m.(pbk)ill |
||
| 490 | _aJohn E. Freund's | ||
| 500 | _aStatistical Tables,Index | ||
| 700 |
_aMiller, Marylees _973692 |
||
| 942 |
_2ddc _cEN _e8th Edition _h519.5 _mMIL |
||
| 999 |
_c206890 _d206890 |
||